00290nam a2200109Ia 450000500170000000800410001710000210005824500520007926000290013130000110016065000090017120260328104332.0260328s9999||||xx |||||||||||||| ||und|| aAshitaka, Luilio 0aColossus, Street Art Europe /cLuilio Ashitaka bHarvard University Press a252 p. aARTE